| 000 | 01674nam0a2200373 4500 | ||
|---|---|---|---|
| 001 | RU\NLR\BIBL_A\022578626 | ||
| 005 | 20260420050338.0 | ||
| 010 |
_a978-5-8291-4372-5 _9700 |
||
| 021 |
_aRU _bКН-П-25-027808 _9КН-П-25-2756 |
||
| 035 | _a(NLR Aleph) 022578626 | ||
| 090 |
_a13676729 _c13676729 |
||
| 100 | _a20250702d2025 k y0rusy50 ca | ||
| 101 | 0 | _arus | |
| 102 | _aRU | ||
| 105 | _aa z 011yy | ||
| 181 | 0 |
_ai _bxxxe |
|
| 182 | 0 | _an | |
| 200 | 1 |
_aРусская сказка _e[монография] _fВ. Я. Пропп |
|
| 203 |
_aТекст _bвизуальный _cнепосредственный |
||
| 210 |
_aМосква _cАкадемический проект _d2025 |
||
| 215 |
_a414, [1] с. _cил. _d22 |
||
| 225 | 1 | _aЯзык: Теории и практики | |
| 300 | _aПеч. по изд.: Русская сказка / В. Я. Пропп. Л. : Изд-во ЛГУ, 1984 | ||
| 300 | _aВо вступ. "От редактора": К 130-летию со дня рождения филолога и фольклориста В. Я. Проппа | ||
| 320 | _aБиблиогр. в подстроч. примеч. | ||
| 320 | _aИмен. указ.: с. 407–413 | ||
| 451 | 0 |
_12001#$aРусская сказка$fВ. Я. Пропп _1210##$aЛ.$cИзд-во ЛГУ$d1984 _tРусская сказка |
|
| 606 | 1 |
_aСказки русские _91197573 _3RU\NLR\AUTH\66166301 |
|
| 686 | 1 | _aШ3(2=1Р)-615.1 | |
| 700 | 1 |
_7ca _8rus _aПропп _bВ. Я. _f1895-1970 _gВладимир Яковлевич _9111941 _3RU\NLR\AUTH\771924 |
|
| 942 | _cBOOK | ||
| 980 | _aNB | ||